Odgadnij amerykańskich raperów po ich piosenkach - Statystyki

Ogólne statystyki
  • Ten quiz został rozwiązany 750 razy
  • Średni wynik to 6 z 15
Statystyki odpowiedzi
Piosenka Raper % Poprawnych
All Girls Are The Same Juice WRLD
84%
Mask Off Future
83%
ZEZE Kodak Black
67%
Can't Say Travis Scott
62%
Dark Knight Dummo Trippie Redd
53%
Bitch, Don't Kill My Vibe Kendrick Lamar
51%
Narcos Migos
51%
Red Roses Lil Skies
42%
Go Flex Post Malone
30%
Tony Tone Asap Rocky
27%
I Get The Bag Gucci Mane
20%
Devastated Joey Badass
11%
Champion NAV
10%
do re mi blackbear
8%
Racks In The Middle Nipsey Hussle
8%
Nie znaleziono quizów pasujących do podanych kryteriów
Rozkład punktacji
Procent ludzi z każdym wynikiem
Percentyl według liczby udzielonych odpowiedzi
Twoja historia wyników
Nie rozwiązałeś tego quizu